[Event "44.Semif.Camp.Italiano Categoria Mag."]
[Site "Torino ITA"]
[Date "1984.01.27"]
[Round "7"]
[White "Gallo, Enrico"]
[Black "Messa, Roberto"]
[Result "1/2-1/2"]
[WhiteElo "2042"]
[BlackElo "2255"]
[Annotator "Gabriele Ballarin"]
[PlyCount "27"]
[EventDate "1984.01.21"]
[EventType "swiss"]
[EventRounds "9"]
[EventCountry "ITA"]

1. e4 e6 2. d4 d5 3. Nd2 c5 4. exd5 Qxd5 5. Ngf3 cxd4 6. Bc4 Qd6 7. O-O Nf6 8. Nb3 Nc6 9. Nbxd4 Nxd4 10. Qxd4 Qxd4 11. Nxd4 a6 12. Bf4 Be7 13. Rfe1 b5 14. Bb3 1/2-1/2

[Event "44.Semif.Camp.Italiano Categoria Mag."]
[Site "Torino ITA"]
[Date "1984.01.27"]
[Round "7"]
[White "Gazziero, Gabriele"]
[Black "Villasco, Paolo"]
[Result "1/2-1/2"]
[WhiteElo "1941"]
[BlackElo "1900"]
[Annotator "Gabriele Ballarin"]
[PlyCount "92"]
[EventDate "1984.01.21"]
[EventType "swiss"]
[EventRounds "9"]
[EventCountry "ITA"]

1. e4 e6 2. d4 d5 3. Nd2 c5 4. Ngf3 Nc6 5. exd5 exd5 6. Bb5 Bd6 7. dxc5 Bxc5 8. Nb3 Bd6 9. O-O Nge7 10. Re1 O-O 11. Bg5 h6 12. Bh4 Bg4 13. Bxc6 bxc6 14. Nbd4 Rc8 15. h3 Bxf3 16. Qxf3 Qd7 17. Bxe7 Bxe7 18. Nf5 Bg5 19. Qg4 Kh7 20. Nxh6 Qxg4 21. Nxg4 Rfe8 22. Kf1 Bd2 23. Rxe8 Rxe8 24. Rd1 Ba5 25. c3 Rb8 26. b4 Bc7 27. Re1 Bd6 28. Ne5 Bxe5 29. Rxe5 a5 30. a3 axb4 31. axb4 d4 32. cxd4 Rxb4 33. Rc5 Rxd4 34. Rxc6 Rd2 35. g4 g5 36. Rf6 Kg7 37. Rf5 Kg6 38. Kg2 Rd4 39. Kg3 Rd3+ 40. f3 f6 41. h4 gxh4+ 42. Kxh4 Rb3 43. Kg3 Ra3 44. Rh5 Rb3 45. Rh3 Kg5 46. Rh8 Kg6 1/2-1/2

[Event "44.Semif.Camp.Italiano Categoria Mag."]
[Site "Torino ITA"]
[Date "1984.01.27"]
[Round "7"]
[White "Gibellato, Francesco"]
[Black "Spinelli, Doriano"]
[Result "1-0"]
[WhiteElo "2070"]
[BlackElo "1919"]
[Annotator "Gabriele Ballarin"]
[PlyCount "32"]
[EventDate "1984.01.21"]
[EventType "swiss"]
[EventRounds "9"]
[EventCountry "ITA"]

1. e4 e5 2. Nf3 Nc6 3. Bc4 Bc5 4. b4 Bxb4 5. c3 Ba5 6. d4 d6 7. Qb3 Qd7 8. O-O Bb6 9. Bb5 a6 10. Ba4 Kf8 11. Ba3 Qe7 12. Bxc6 bxc6 13. Nxe5 c5 14. Qd5 Rb8 15. Nc6 Qf6 16. Nxb8 Ne7 1-0

[Event "44.Semif.Camp.Italiano Categoria Mag."]
[Site "Torino ITA"]
[Date "1984.01.27"]
[Round "7"]
[White "Gualtieri, Gaetano"]
[Black "Luciani, Carlo"]
[Result "1-0"]
[WhiteElo "1900"]
[BlackElo "2112"]
[Annotator "Gabriele Ballarin"]
[PlyCount "63"]
[EventDate "1984.01.21"]
[EventType "swiss"]
[EventRounds "9"]
[EventCountry "ITA"]

1. d4 d5 2. c4 e6 3. Nc3 Be7 4. Nf3 Nf6 5. Bg5 O-O 6. e3 Nbd7 7. cxd5 exd5 8. Bd3 Re8 9. O-O c6 10. Qc2 Nf8 11. Rab1 a5 12. a3 Be6 13. b4 axb4 14. axb4 N6d7 15. Bxe7 Qxe7 16. Rfc1 Rec8 17. Na4 b5 18. Nc5 Nb6 19. Ra1 Nc4 20. Ra2 Bg4 21. Rca1 Rxa2 22. Rxa2 Bxf3 23. gxf3 Qe8 24. Ra7 Ra8 25. Qa2 Rxa7 26. Qxa7 g6 27. f4 Qc8 28. f5 gxf5 29. Qe7 Ng6 30. Qf6 f4 31. Bf5 Qe8 32. Ne6 1-0

[Event "44.Semif.Camp.Italiano Categoria Mag."]
[Site "Torino ITA"]
[Date "1984.01.27"]
[Round "7"]
[White "Laco, Giuseppe"]
[Black "Ceschia, Ivano"]
[Result "1/2-1/2"]
[WhiteElo "2170"]
[BlackElo "2244"]
[Annotator "Gabriele Ballarin"]
[PlyCount "82"]
[EventDate "1984.01.21"]
[EventType "swiss"]
[EventRounds "9"]
[EventCountry "ITA"]

1. c4 e5 2. Nc3 Nc6 3. Nf3 g6 4. e3 Bg7 5. d4 exd4 6. exd4 d6 7. Be2 Nge7 8. Bg5 h6 9. Bf4 O-O 10. d5 Ne5 11. Qd2 Nf5 12. O-O-O a6 13. h3 Re8 14. Rde1 b5 15. cxb5 Nxf3 16. Bxf3 Rxe1+ 17. Rxe1 axb5 18. Kb1 b4 19. Ne4 Bb7 20. Bd1 Ra5 21. Qxb4 Qa8 22. Nc3 Bxc3 23. Qxc3 Rxa2 24. g4 Ra1+ 25. Kc2 Qa4+ 26. b3 Qa2+ 27. Qb2 Nd4+ 28. Kc3 Nb5+ 29. Kc2 Nd4+ 30. Kc3 Nb5+ 31. Kc2 Qa8 32. Bxh6 Ra2 33. Re8+ Qxe8 34. Qxa2 Qe4+ 35. Kc1 Qxd5 36. Qb2 Qc5+ 37. Bc2 Nd4 38. Be3 Qxc2+ 39. Qxc2 Nxc2 40. Kxc2 f6 41. Ba7 Bg2 1/2-1/2

[Event "44.Semif.Camp.Italiano Categoria Mag."]
[Site "Torino ITA"]
[Date "1984.01.27"]
[Round "7"]
[White "Mammola, Dino"]
[Black "Benso, Enrico"]
[Result "1/2-1/2"]
[WhiteElo "2005"]
[BlackElo "1900"]
[Annotator "Gabriele Ballarin"]
[PlyCount "53"]
[EventDate "1984.01.21"]
[EventType "swiss"]
[EventRounds "9"]
[EventCountry "ITA"]

1. d4 d5 2. Nf3 Nf6 3. g3 e6 4. Bg2 Be7 5. O-O O-O 6. c4 c6 7. Nc3 dxc4 8. Ne5 Nbd7 9. Nxc4 Nd5 10. e4 Nxc3 11. bxc3 b5 12. Ne3 Rb8 13. Qc2 Nf6 14. Rd1 Bb7 15. Bb2 Qb6 16. c4 bxc4 17. Nxc4 Qb5 18. a4 Qh5 19. Ba3 Bxa3 20. Rxa3 c5 21. Nd6 cxd4 22. Nxb7 Rxb7 23. Rxd4 Rfb8 24. Rad3 g6 25. Rd8+ Kg7 26. Rxb8 Rxb8 27. h3 1/2-1/2

[Event "44.Semif.Camp.Italiano Categoria Mag."]
[Site "Torino ITA"]
[Date "1984.01.27"]
[Round "7"]
[White "Pantaleoni, Claudio"]
[Black "Belotti, Bruno"]
[Result "0-1"]
[WhiteElo "2158"]
[BlackElo "2206"]
[Annotator "Gabriele Ballarin"]
[PlyCount "60"]
[EventDate "1984.01.21"]
[EventType "swiss"]
[EventRounds "9"]
[EventCountry "ITA"]

1. d4 Nf6 2. c4 e6 3. Nc3 Bb4 4. e3 c5 5. Nge2 cxd4 6. exd4 O-O 7. a3 Be7 8. d5 exd5 9. cxd5 Bc5 10. b4 Bb6 11. Na4 d6 12. Nxb6 Qxb6 13. Be3 Qd8 14. h3 Bf5 15. Ng3 Bg6 16. Qd4 Nbd7 17. Be2 Re8 18. O-O Ne4 19. Nh5 Nef6 20. Nf4 Be4 21. Rfd1 Nb6 22. Bb5 Re5 23. f3 Nbxd5 24. fxe4 Nxe3 25. Qxe3 Rxb5 26. Rd4 Qb6 27. Rad1 Re5 28. Kh1 Rae8 29. Re1 Nxe4 30. Nd5 Ng3+ 0-1

[Event "44.Semif.Camp.Italiano Categoria Mag."]
[Site "Torino ITA"]
[Date "1984.01.27"]
[Round "7"]
[White "Pozzi, Enrico"]
[Black "Ponzetto, Giuseppe"]
[Result "1-0"]
[WhiteElo "2058"]
[BlackElo "1968"]
[Annotator "Gabriele Ballarin"]
[PlyCount "83"]
[EventDate "1984.01.21"]
[EventType "swiss"]
[EventRounds "9"]
[EventCountry "ITA"]

1. e4 Nc6 2. Nc3 e6 3. Nf3 d5 4. d4 Nf6 5. Bg5 Bb4 6. Bd3 h6 7. Bxf6 Qxf6 8. O-O Bxc3 9. bxc3 O-O 10. Qe2 Bd7 11. Qe3 Rfe8 12. e5 Qe7 13. Rae1 Rec8 14. g4 Kf8 15. g5 hxg5 16. Nxg5 Ke8 17. f4 Nd8 18. f5 c5 19. f6 gxf6 20. Rxf6 cxd4 21. cxd4 Ba4 22. Rb1 Bxc2 23. Bb5+ Rc6 24. Nxf7 Nxf7 25. Bxc6+ bxc6 26. Qc3 Ba4 27. Rbf1 Kf8 28. Rxf7+ Qxf7 29. Rxf7+ Kxf7 30. Qf3+ Kg8 31. Qg4+ Kf7 32. Qh5+ Kg7 33. Qg5+ Kh8 34. Qh6+ Kg8 35. Qxe6+ Kh8 36. Qh6+ Kg8 37. e6 c5 38. Qg5+ Kh8 39. Qxd5 Rg8+ 40. Kf2 Rf8+ 41. Ke3 cxd4+ 42. Qxd4+ 1-0

[Event "44.Semif.Camp.Italiano Categoria Mag."]
[Site "Torino ITA"]
[Date "1984.01.27"]
[Round "7"]
[White "Rodella, Franco"]
[Black "Mantovani, Renzo"]
[Result "0-1"]
[WhiteElo "1905"]
[BlackElo "2146"]
[Annotator "Gabriele Ballarin"]
[PlyCount "92"]
[EventDate "1984.01.21"]
[EventType "swiss"]
[EventRounds "9"]
[EventCountry "ITA"]

1. Nf3 Nf6 2. d4 g6 3. Nc3 c5 4. e4 cxd4 5. Nxd4 d6 6. Bc4 Bg7 7. f3 O-O 8. O-O Qc7 9. Bb3 a6 10. a4 Nbd7 11. Be3 Ne5 12. Qe2 Bd7 13. Kh1 Rac8 14. Rfd1 Nc4 15. Bxc4 Qxc4 16. Qd2 Rfd8 17. Nb3 Be6 18. Bb6 Re8 19. a5 Nd7 20. Bd4 Bxd4 21. Nxd4 Qb4 22. Nxe6 fxe6 23. Na4 Qxd2 24. Rxd2 Rc6 25. Ra3 Ne5 26. Nb6 Rxb6 27. axb6 Nc4 28. Rdd3 Nxa3 29. Rxa3 Rc8 30. c3 Rc5 31. Rb3 Kf7 32. Kg1 Ke8 33. Kf2 Kd7 34. Ke3 Kc6 35. h4 Rb5 36. Rxb5 Kxb5 37. h5 gxh5 38. Kf4 Kc4 39. Kg5 Kb3 40. Kxh5 Kxb2 41. Kh6 a5 42. Kxh7 a4 43. g4 a3 44. g5 a2 45. g6 a1=Q 46. g7 Qh1+ 0-1

[Event "44.Semif.Camp.Italiano Categoria Mag."]
[Site "Torino ITA"]
[Date "1984.01.27"]
[Round "7"]
[White "Salvetti, Alec"]
[Black "Corgnati, Maurizio"]
[Result "1/2-1/2"]
[WhiteElo "1979"]
[BlackElo "2117"]
[Annotator "Gabriele Ballarin"]
[PlyCount "82"]
[EventDate "1984.01.21"]
[EventType "swiss"]
[EventRounds "9"]
[EventCountry "ITA"]

1. c4 e6 2. Nc3 d5 3. cxd5 exd5 4. d4 c6 5. Bf4 Bf5 6. e3 Nf6 7. Nf3 Qb6 8. Qc1 Nbd7 9. Nh4 Be6 10. Bd3 Ne4 11. Nf3 f5 12. Qc2 Be7 13. Ne5 Qd8 14. Nxd7 Qxd7 15. Be5 O-O 16. O-O Bf6 17. f4 Rac8 18. b4 Bxe5 19. fxe5 Qe7 20. g3 Qg5 21. Rf4 b6 22. Nxe4 dxe4 23. Bc4 Bd5 24. Qb3 Qd8 25. Rc1 Qd7 26. Rf2 Kh8 27. Bxd5 cxd5 28. Rfc2 h6 29. a3 g5 30. Rf1 Kg7 31. Rfc1 Kg6 32. b5 Rxc2 33. Rxc2 Rc8 34. a4 Kh5 35. Kg2 f4 36. exf4 gxf4 37. Rxc8 Qxc8 38. gxf4 Qg4+ 39. Qg3 Qe2+ 40. Qf2 Qg4+ 41. Qg3 Qe2+ 1/2-1/2

[Event "44.Semif.Camp.Italiano Categoria Mag."]
[Site "Torino ITA"]
[Date "1984.01.27"]
[Round "7"]
[White "Sarno, Spartaco"]
[Black "Palmiotto, Fiorentino"]
[Result "1-0"]
[WhiteElo "1968"]
[BlackElo "2095"]
[Annotator "Gabriele Ballarin"]
[PlyCount "55"]
[EventDate "1984.01.21"]
[EventType "swiss"]
[EventRounds "9"]
[EventCountry "ITA"]

1. d4 Nf6 2. c4 e6 3. Nf3 b6 4. a3 Bb7 5. Nc3 d5 6. cxd5 Nxd5 7. e3 Nd7 8. Bd3 N7f6 9. Ne5 a6 10. O-O Bd6 11. f4 O-O 12. Qf3 c5 13. Qh3 Qc7 14. Bd2 Nxc3 15. Bxc3 Ne4 16. dxc5 bxc5 17. Nf3 h6 18. Bxe4 Bxe4 19. g4 Bxf3 20. Rxf3 e5 21. g5 exf4 22. exf4 Bxf4 23. Bxg7 Bxg5 24. Bxh6 f6 25. Kh1 Rf7 26. Rg1 Qe5 27. Bxg5 fxg5 28. Rxf7 1-0

[Event "44.Semif.Camp.Italiano Categoria Mag."]
[Site "Torino ITA"]
[Date "1984.01.27"]
[Round "7"]
[White "Vallifuoco, Giovanni"]
[Black "Steinfl, Alessandro"]
[Result "1-0"]
[WhiteElo "2120"]
[BlackElo "2025"]
[Annotator "Gabriele Ballarin"]
[PlyCount "129"]
[EventDate "1984.01.21"]
[EventType "swiss"]
[EventRounds "9"]
[EventCountry "ITA"]

1. d4 Nf6 2. c4 c5 3. d5 g6 4. Nc3 d6 5. e4 Bg7 6. f4 O-O 7. Bd3 a6 8. a4 e6 9. dxe6 fxe6 10. Nge2 Nc6 11. O-O Nb4 12. Bb1 d5 13. e5 Ng4 14. Ng3 Nxh2 15. Kxh2 Qh4+ 16. Kg1 Qxg3 17. Rf3 Qh4 18. Rh3 Qe7 19. Qg4 Rf5 20. Bxf5 exf5 21. Qe2 dxc4 22. Qxc4+ Be6 23. Qe2 Rd8 24. Be3 c4 25. Bb6 Rd7 26. Rd1 Nd3 27. Rf3 h6 28. a5 Qb4 29. Rd2 g5 30. g3 g4 31. Re3 Bf8 32. Qh2 Kh7 33. Kf1 Bc5 34. Bxc5 Qxc5 35. Ree2 Qxa5 36. Qh5 Rg7 37. Qe8 Bf7 38. Qc8 Nxb2 39. Rc2 Nd3 40. e6 Qa1+ 41. Kg2 Ne1+ 42. Rxe1 Qxe1 43. exf7 Rxf7 44. Qxc4 Qe7 45. Re2 Qd7 46. Nd5 Qc6 47. Qxc6 bxc6 48. Nb4 a5 49. Nxc6 a4 50. Ra2 Rd7 51. Rxa4 Rd2+ 52. Kf1 Rd3 53. Ra7+ Kh8 54. Kf2 Rd2+ 55. Ke3 Rg2 56. Kd4 Rxg3 57. Ke5 Rc3 58. Ne7 Rb3 59. Kf6 Rb6+ 60. Kxf5 h5 61. Nd5 Rd6 62. Ke5 Rh6 63. Kf5 Rh7 64. Rxh7+ Kxh7 65. Nf6+ 1-0

[Event "44.Semif.Camp.Italiano Categoria Mag."]
[Site "Torino ITA"]
[Date "1984.01.28"]
[Round "8"]
[White "Belotti, Bruno"]
[Black "Messa, Roberto"]
[Result "1/2-1/2"]
[WhiteElo "2206"]
[BlackElo "2255"]
[Annotator "Gabriele Ballarin"]
[PlyCount "46"]
[EventDate "1984.01.21"]
[EventType "swiss"]
[EventRounds "9"]
[EventCountry "ITA"]

1. e4 e6 2. d4 d5 3. Nc3 Bb4 4. e5 Ne7 5. Bd2 c5 6. a3 Bxc3 7. Bxc3 Nbc6 8. Nf3 cxd4 9. Bxd4 Nxd4 10. Qxd4 Nc6 11. Qe3 O-O 12. Rd1 f6 13. Be2 fxe5 14. Nxe5 Qf6 15. Nd3 e5 16. c3 d4 17. cxd4 exd4 18. Qg3 Bf5 19. O-O Rad8 20. Rfe1 Rfe8 21. Bf1 Bxd3 22. Rxe8+ Rxe8 23. Qxd3 Rf8 1/2-1/2

[Event "44.Semif.Camp.Italiano Categoria Mag."]
[Site "Torino ITA"]
[Date "1984.01.28"]
[Round "8"]
[White "Benso, Enrico"]
[Black "Gazziero, Gabriele"]
[Result "1/2-1/2"]
[WhiteElo "1900"]
[BlackElo "1941"]
[Annotator "Gabriele Ballarin"]
[PlyCount "97"]
[EventDate "1984.01.21"]
[EventType "swiss"]
[EventRounds "9"]
[EventCountry "ITA"]

1. Nf3 Nf6 2. g3 g6 3. Bg2 Bg7 4. O-O d6 5. c4 O-O 6. Nc3 a6 7. d3 e5 8. e4 c5 9. Nh4 Nc6 10. f4 exf4 11. Bxf4 Ng4 12. Qd2 Be6 13. h3 Nge5 14. Nf3 Nd4 15. Nxd4 cxd4 16. Ne2 Nc6 17. Bh6 f6 18. Bxg7 Kxg7 19. Kh2 Rc8 20. b3 Qe7 21. Qb2 Bg8 22. Rf2 Qe5 23. Ng1 Be6 24. Nf3 Qc5 25. Qd2 Ne5 26. Raf1 Nxf3+ 27. Bxf3 h5 28. e5 Rc7 29. Bd5 Bxd5 30. exf6+ Kh7 31. cxd5 Qxd5 32. g4 Qe5+ 33. Qf4 hxg4 34. hxg4 Rxf6 35. Qg3 Rxf2+ 36. Rxf2 Kg8 37. Kg2 Qxg3+ 38. Kxg3 Rc3 39. Rd2 g5 40. Kf3 d5 41. Ke2 Rc1 42. Kf3 Rc3 43. Ke2 Rc6 44. Rd1 Rf6 45. Rf1 Kg7 46. Rxf6 Kxf6 47. a3 Ke5 48. Kf3 a5 49. Kg3 1/2-1/2

[Event "44.Semif.Camp.Italiano Categoria Mag."]
[Site "Torino ITA"]
[Date "1984.01.28"]
[Round "8"]
[White "Boschetti, Marco"]
[Black "Spinelli, Doriano"]
[Result "0-1"]
[WhiteElo "1964"]
[BlackElo "1919"]
[Annotator "Gabriele Ballarin"]
[PlyCount "76"]
[EventDate "1984.01.21"]
[EventType "swiss"]
[EventRounds "9"]
[EventCountry "ITA"]

1. e4 e5 2. Nf3 Nc6 3. Bb5 a6 4. Ba4 Nf6 5. d3 d6 6. c3 Be7 7. Nbd2 O-O 8. Nf1 b5 9. Bc2 d5 10. Qe2 h6 11. Ng3 dxe4 12. dxe4 Be6 13. Bb3 Bxb3 14. axb3 Qd7 15. O-O Qe6 16. b4 Rfd8 17. Be3 Bf8 18. h3 g6 19. Rfd1 Kh7 20. Rxd8 Nxd8 21. Qc2 Nb7 22. Nd2 c5 23. bxc5 Nxc5 24. Bxc5 Bxc5 25. b4 Bb6 26. Qb3 Qxb3 27. Nxb3 h5 28. Nd2 Kg7 29. Kf1 Ne8 30. Nf3 Nd6 31. Ke2 f6 32. Kf1 a5 33. bxa5 Rxa5 34. Rc1 Ra2 35. Ne2 Nxe4 36. c4 Nd2+ 37. Nxd2 Ba5 38. c5 Bxd2 0-1

[Event "44.Semif.Camp.Italiano Categoria Mag."]
[Site "Torino ITA"]
[Date "1984.01.28"]
[Round "8"]
[White "Ceschia, Ivano"]
[Black "Pantaleoni, Claudio"]
[Result "1-0"]
[WhiteElo "2244"]
[BlackElo "2158"]
[Annotator "Gabriele Ballarin"]
[PlyCount "123"]
[EventDate "1984.01.21"]
[EventType "swiss"]
[EventRounds "9"]
[EventCountry "ITA"]

1. e4 e5 2. Nf3 Nc6 3. Nc3 Nf6 4. d4 exd4 5. Nxd4 Bb4 6. Nxc6 bxc6 7. Bd3 d5 8. exd5 cxd5 9. O-O O-O 10. Bg5 c6 11. Qf3 Be7 12. h3 Rb8 13. b3 Be6 14. Rad1 h6 15. Bf4 Bd6 16. Na4 Rb4 17. Bxd6 Qxd6 18. c3 Rh4 19. Qg3 Qxg3 20. fxg3 Rh5 21. Rde1 Rg5 22. Kh2 Nd7 23. Rf4 Re5 24. Rxe5 Nxe5 25. Nc5 Nxd3 26. Nxd3 Re8 27. Nc5 g6 28. Kg1 Bf5 29. Kf2 Bc2 30. g4 Re7 31. Ra4 g5 32. Rd4 Kg7 33. a4 Kf6 34. a5 Ke5 35. Rd2 Kd6 36. b4 Bg6 37. Re2 Rxe2+ 38. Kxe2 d4 39. cxd4 Kd5 40. Ke3 Kc4 41. Na6 f6 42. Nb8 Be8 43. Na6 Bg6 44. Nb8 Kb5 45. Kd2 Bf7 46. Kc3 Be6 47. Kd2 f5 48. gxf5 Bxf5 49. g4 Be6 50. Kc3 Bd5 51. Nd7 Bg2 52. Nf6 Bxh3 53. Kb3 a6 54. Kc3 Ka4 55. Kc4 Bf1+ 56. Kc5 Be2 57. Kxc6 Kxb4 58. Kb6 Kc4 59. d5 Bxg4 60. Nxg4 Kxd5 61. Nxh6 Kd6 62. Nf7+ 1-0

[Event "44.Semif.Camp.Italiano Categoria Mag."]
[Site "Torino ITA"]
[Date "1984.01.28"]
[Round "8"]
[White "Ciuffoletti, Paolo"]
[Black "Bellia, Fabrizio"]
[Result "1/2-1/2"]
[WhiteElo "2128"]
[BlackElo "2115"]
[Annotator "Gabriele Ballarin"]
[PlyCount "76"]
[EventDate "1984.01.21"]
[EventType "swiss"]
[EventRounds "9"]
[EventCountry "ITA"]

1. e4 c5 2. d4 cxd4 3. c3 d5 4. exd5 Qxd5 5. cxd4 Nc6 6. Nf3 e6 7. Nc3 Bb4 8. Bd3 Nf6 9. O-O Qd8 10. Bg5 Be7 11. Rc1 O-O 12. Bb1 Bd7 13. a3 Re8 14. Ne5 g6 15. Ba2 Rc8 16. Re1 Nd5 17. Bxe7 Nxc3 18. Rxc3 Qxe7 19. Rh3 Nxe5 20. Rxe5 Qf6 21. Rf3 Qg7 22. h3 Bc6 23. Rfe3 Red8 24. b4 b6 25. d5 Bxd5 26. Bxd5 Rxd5 27. Rxd5 exd5 28. Qxd5 Qf6 29. Rf3 Qe7 30. g3 Rd8 31. Re3 Rxd5 32. Rxe7 a5 33. Re4 axb4 34. Rxb4 b5 35. Kf1 Rd3 36. Rxb5 Rxa3 37. Ke2 h5 38. Rd5 Kg7 1/2-1/2

[Event "44.Semif.Camp.Italiano Categoria Mag."]
[Site "Torino ITA"]
[Date "1984.01.28"]
[Round "8"]
[White "Cordara, Michele"]
[Black "Laco, Giuseppe"]
[Result "1/2-1/2"]
[WhiteElo "2151"]
[BlackElo "2170"]
[Annotator "Gabriele Ballarin"]
[PlyCount "95"]
[EventDate "1984.01.21"]
[EventType "swiss"]
[EventRounds "9"]
[EventCountry "ITA"]

1. d4 g6 2. Nf3 Bg7 3. e3 d5 4. Bd3 Nd7 5. O-O f5 6. Ng5 Ndf6 7. f3 h6 8. Nh3 g5 9. c4 Be6 10. Qb3 dxc4 11. Bxc4 Bxc4 12. Qxc4 Qd7 13. Qc5 e6 14. Nc3 c6 15. Kh1 Ne7 16. e4 b6 17. Qc4 O-O-O 18. Be3 fxe4 19. fxe4 Ng4 20. Bg1 Bxd4 21. Rfd1 e5 22. Nb5 Kb7 23. Nxd4 exd4 24. Rxd4 Qc7 25. Rad1 Rxd4 26. Qxd4 Ng6 27. a4 N4e5 28. b4 Rh7 29. Qa1 Rd7 30. Bd4 Qd6 31. a5 Ng4 32. g3 Qxb4 33. axb6 axb6 34. Kg1 Qd6 35. Rd2 N6e5 36. Bxb6 Qb8 37. Rxd7+ Nxd7 38. Bd4 Nge5 39. Qd1 Kc8 40. Be3 Qc7 41. Nf2 c5 42. Ng4 Nc4 43. Bc1 Qc6 44. Qd5 Qxd5 45. exd5 h5 46. Nf2 Nce5 47. Kf1 g4 48. h3 1/2-1/2

[Event "44.Semif.Camp.Italiano Categoria Mag."]
[Site "Torino ITA"]
[Date "1984.01.28"]
[Round "8"]
[White "Gallo, Enrico"]
[Black "Gualtieri, Gaetano"]
[Result "1/2-1/2"]
[WhiteElo "2042"]
[BlackElo "1900"]
[Annotator "Gabriele Ballarin"]
[PlyCount "50"]
[EventDate "1984.01.21"]
[EventType "swiss"]
[EventRounds "9"]
[EventCountry "ITA"]

1. e4 c6 2. d4 d5 3. exd5 cxd5 4. c4 dxc4 5. Bxc4 e6 6. Nf3 Nf6 7. O-O Be7 8. Nc3 O-O 9. Qe2 Nbd7 10. Rd1 Nb6 11. Bb3 Nbd5 12. Ne5 Bd7 13. Bg5 Bc6 14. Nxc6 bxc6 15. Na4 Nd7 16. Bxe7 Qxe7 17. Rac1 Qd6 18. Nc5 Nxc5 19. Rxc5 Rfb8 20. Rdc1 Ne7 21. R1c4 Rb5 22. Qe4 Rxc5 23. Rxc5 Rd8 24. Rc4 g6 25. g3 Nf5 1/2-1/2

[Event "44.Semif.Camp.Italiano Categoria Mag."]
[Site "Torino ITA"]
[Date "1984.01.28"]
[Round "8"]
[White "Geuna, Giuseppe"]
[Black "Ponzetto, Giuseppe"]
[Result "1/2-1/2"]
[WhiteElo "1900"]
[BlackElo "1968"]
[Annotator "Gabriele Ballarin"]
[PlyCount "23"]
[EventDate "1984.01.21"]
[EventType "swiss"]
[EventRounds "9"]
[EventCountry "ITA"]

1. d4 Nc6 2. Nf3 e6 3. g3 d6 4. Bg2 Be7 5. O-O Nf6 6. c4 O-O 7. Nc3 a6 8. b3 Rb8 9. Rb1 b5 10. Bb2 Bd7 11. Qd3 Qc8 12. Rfe1 1/2-1/2

[Event "44.Semif.Camp.Italiano Categoria Mag."]
[Site "Torino ITA"]
[Date "1984.01.28"]
[Round "8"]
[White "Luciani, Carlo"]
[Black "Sarno, Spartaco"]
[Result "0-1"]
[WhiteElo "2112"]
[BlackElo "1968"]
[Annotator "Gabriele Ballarin"]
[PlyCount "80"]
[EventDate "1984.01.21"]
[EventType "swiss"]
[EventRounds "9"]
[EventCountry "ITA"]

1. e4 c6 2. d4 d5 3. Nd2 dxe4 4. Nxe4 Nd7 5. Nf3 Ngf6 6. Ng3 e6 7. Bd3 Be7 8. O-O O-O 9. Qe2 b6 10. b3 Bb7 11. Bb2 Re8 12. c4 Qc7 13. Rad1 Rad8 14. Bb1 c5 15. dxc5 Nxc5 16. Ne5 Ncd7 17. Rxd7 Rxd7 18. Nxd7 Qxd7 19. Qc2 Qc7 20. f3 h6 21. Kh1 Qc5 22. Re1 Kf8 23. a3 Rd8 24. b4 Qg5 25. Bc1 Qh4 26. Re2 Rd4 27. Ba2 Bd6 28. Nf1 Nh5 29. Be3 Ng3+ 30. Nxg3 Bxg3 31. Bg1 Qh5 32. Re4 Bxe4 33. fxe4 Rd1 34. h3 Be5 35. Bb3 Ra1 36. Qd3 g6 37. Ba4 Qg5 38. Qf3 Bd4 39. Bd1 Bxg1 40. Kxg1 Qc1 0-1

[Event "44.Semif.Camp.Italiano Categoria Mag."]
[Site "Torino ITA"]
[Date "1984.01.28"]
[Round "8"]
[White "Malgaroli, Luciano"]
[Black "Vallifuoco, Giovanni"]
[Result "1/2-1/2"]
[WhiteElo "2072"]
[BlackElo "2120"]
[Annotator "Gabriele Ballarin"]
[PlyCount "22"]
[EventDate "1984.01.21"]
[EventType "swiss"]
[EventRounds "9"]
[EventCountry "ITA"]

1. d4 Nf6 2. Bg5 g6 3. Bxf6 exf6 4. e3 Bg7 5. Bd3 d5 6. Ne2 Nc6 7. c3 Ne7 8. Ng3 h5 9. h4 Bg4 10. Qc2 Qd6 11. Na3 c6 1/2-1/2

[Event "44.Semif.Camp.Italiano Categoria Mag."]
[Site "Torino ITA"]
[Date "1984.01.28"]
[Round "8"]
[White "Mammola, Dino"]
[Black "Rodella, Franco"]
[Result "1/2-1/2"]
[WhiteElo "2005"]
[BlackElo "1905"]
[Annotator "Gabriele Ballarin"]
[PlyCount "97"]
[EventDate "1984.01.21"]
[EventType "swiss"]
[EventRounds "9"]
[EventCountry "ITA"]

1. d4 Nf6 2. Nf3 g6 3. g3 Bg7 4. Bg2 O-O 5. O-O d6 6. c4 Nbd7 7. Nc3 c6 8. Rb1 e5 9. dxe5 dxe5 10. Qc2 Qc7 11. b4 Re8 12. e4 Nf8 13. h3 Be6 14. Ne2 Nxe4 15. Bb2 Nd6 16. c5 Nc4 17. Ng5 Nxb2 18. Nxe6 Nxe6 19. Qxb2 Rad8 20. Rbd1 f5 21. Qb3 Kh8 22. Rxd8 Nxd8 23. Rd1 Nf7 24. b5 Rd8 25. Rxd8+ Nxd8 26. bxc6 bxc6 27. Qc4 Qd7 28. Kh2 Ne6 29. Nc1 e4 30. Nb3 Be5 31. Qe2 Nd4 32. Qe3 Qd5 33. Qh6 Bg7 34. Qf4 Be5 35. Qh6 Kg8 36. Qe3 Kg7 37. Qg5 Bf6 38. Qf4 Nxb3 39. Qc7+ Kf8 40. axb3 Qxc5 41. Qxh7 Qxf2 42. Qxg6 Ke7 43. Qh7+ Kd6 44. Qf7 Bd4 45. h4 Be3 46. Qf8+ Kd7 47. Qf7+ Kc8 48. Qe8+ Kb7 49. Qe7+ 1/2-1/2

[Event "44.Semif.Camp.Italiano Categoria Mag."]
[Site "Torino ITA"]
[Date "1984.01.28"]
[Round "8"]
[White "Mantovani, Renzo"]
[Black "Gibellato, Francesco"]
[Result "1-0"]
[WhiteElo "2146"]
[BlackElo "2070"]
[Annotator "Gabriele Ballarin"]
[PlyCount "53"]
[EventDate "1984.01.21"]
[EventType "swiss"]
[EventRounds "9"]
[EventCountry "ITA"]

1. e4 e5 2. Nf3 Nc6 3. Nc3 d6 4. d4 Bg4 5. Bb5 exd4 6. Qxd4 Qd7 7. Qa4 Bxf3 8. gxf3 Nge7 9. Be3 a6 10. O-O-O Rb8 11. Bxc6 Qxc6 12. Qd4 f6 13. Rhg1 b5 14. Nd5 Kf7 15. Rg4 Nxd5 16. exd5 Qd7 17. Re4 g6 18. Re6 Bg7 19. Re1 Rhe8 20. Bd2 f5 21. Qh4 Kg8 22. Re7 Rxe7 23. Rxe7 Qd8 24. Kd1 Rc8 25. Bc3 b4 26. Rxg7+ Kf8 27. Bf6 1-0

[Event "44.Semif.Camp.Italiano Categoria Mag."]
[Site "Torino ITA"]
[Date "1984.01.28"]
[Round "8"]
[White "Marchiori, Diego"]
[Black "Salvetti, Alec"]
[Result "1/2-1/2"]
[WhiteElo "2009"]
[BlackElo "1979"]
[Annotator "Gabriele Ballarin"]
[PlyCount "71"]
[EventDate "1984.01.21"]
[EventType "swiss"]
[EventRounds "9"]
[EventCountry "ITA"]

1. e4 c5 2. Nf3 Nc6 3. c4 Nf6 4. Nc3 e6 5. d4 cxd4 6. Nxd4 Bb4 7. Nxc6 bxc6 8. Bd3 Qa5 9. Bd2 Qc7 10. O-O Bd6 11. f4 e5 12. f5 Bc5+ 13. Kh1 d6 14. Bg5 Bb7 15. Rc1 Bd4 16. b4 h5 17. Bxf6 gxf6 18. Qa4 Ke7 19. Ne2 Be3 20. Rc2 c5 21. Nc3 Bc6 22. b5 Bb7 23. Rb1 Bd4 24. Nd5+ Bxd5 25. cxd5 Rhg8 26. Rcc1 h4 27. Qa6 Qb6 28. a4 Rgc8 29. Bc4 Be3 30. Rc2 Rcb8 31. Rcb2 Bd4 32. Rb3 Rc8 33. Rd1 Rab8 34. Ra3 Kd8 35. a5 Qxa6 36. bxa6 {Nur} 1/2-1/2